1903 1241 1664 1220 1356 1609 1661 1412 1791 1980 1793 1939 1546 1754 1218 1104 1394 1073 1264 1408 1045 1768 1945 1868 1049 1939 1133 1891 1144 1743 2000 1483 1192 1452 1851 1076 1879 1603 1025 1558 1318 1917 1373 1129 1452 1880 1721 1847 1920 1369 1159 1667 1290 1862 1741 1391 1916 1509 1116 1806 1512 1020 1048 1145 1166 1739 1960 1365 1676 1566 1646 1475 1265 1850 1624 1950 1340 1368 1838 1357 1027 1330 1501 1237 1922 1594 1760 1128 1054 1406 1634 1814 1325 1363 1695 1166 1815 1709 1192 BCNSPRNW ULIB Ver.6.0+V

เปลี่ยนเป็นภาษาไทย

Change to English
 แสดงรายละเอียดบรรณานุกรม
  กลับหน้าหลัก

Brief Record : Get Marc (ISO 2709) : E-mail record : QR code < ปิดหน้าต่าง
LEADER : 00000nam 2200000uu 4500
001    13399112925
003     ULIB
008    110627s2550||||th 000 0 tha d
020    9789748371542
090    นว.^bA111ซ 2550
100 0  Angie Sage
245 00 เซ็ปติมัส ฮีป ปาฏิหาริย์หมายเลขเจ็ด 3 จอมขมังเวช/^cAngie Sage
250    พิมพ์ครั้งที่ 2
260    กรุงเทพฯ :^bนามมีบุ๊คส์พับลิเคชั่นส์,^c2550
300    480 หน้า
710 1  นามมีบุ๊คส์พับลิเคชั่นส์
945    ^p295^l0^i022070
995    ทศพร
999 ^a ใช้งานได้ทุกระบบ
รายการนี้ยังไม่มีแท็ก
คุณยังไม่ได้ล็อกอิน คุณสามารถมีกิจกรรมร่วมกับเว็บไซต์ได้ แต่ต้องล็อกอินก่อน ::
  ล็อกอิน

รายการสื่อสารสนเทศ

ลำดับที่ ประเภท เลขเรียก/บาร์โค้ด สถานที่ สถานะ
- ไม่พบข้อมูล -

รายการใกล้เคียง
    ผู้แต่ง [Angie Sage]

BibComment


ยังไม่เคยถูกคอมเมนท์

คอมเมนท์ทรัพยากรรายการนี้
  คอมเมนท์: เซ็ปติมัส ฮีป ปาฏ..


 Copyright 2026. Bcnsprnw @Library